عرض عادي
عرض مارك
- McVicar, Andrew J.
مدخل إسم شخص
001 - رقم الضبط
- حقل الضبط: 52472
003 - معرف رقم الضبط
- حقل الضبط: OSt
005 - تاريخ ووقت أخر عملية
- حقل الضبط: 20151014171407.0
008 - عناصر بيانات ثابتة الطول
- حقل تحكم ثابت الطول: 151014|| aca||aabn | a|a d
040 ## - مصدر الفهرسة
- هيئة الفهرسة الأصلية: OSt
- وكالة الكتابة: OSt
100 ## - مدخل -- أسم شخص
- إسم شخص: McVicar, Andrew J.
670 ## - بيانات المصدر موجوده
- الاستشهاد بالمصدر: Work cat.: (OSt)0: Clancy, John, PGCE. 52466, Physiology and anatomy for nurses and healthcare practitioners :, 2009
